|
|
|
|
| LEADER |
00000nab a2200000uu 4500 |
| 001 |
vtls011511692 |
| 003 |
SK-MaSNL |
| 005 |
20260305004619.0 |
| 008 |
180924|1886 xo |||||||||||||||||slo| |
| 015 |
|
|
|a SNBRB
|
| 035 |
|
|
|a (urnnbn)urn:nbn:sk:snk:ar-0019b2
|
| 035 |
|
|
|a (uuid)a09b10a0-b084-4d92-9a32-48a3215da4cd
|
| 035 |
|
|
|a urn:nbn:sk:snk-abe28q
|
| 040 |
|
|
|a SNKBUCL
|b slo
|c SNKBUCL
|e AACR2
|
| 041 |
0 |
|
|a slo
|
| 044 |
|
|
|a xo
|c SK
|
| 100 |
1 |
|
|a Hviezdoslav, Pavol Országh,
|d 1849-1921
|4 aut
|9 92721
|
| 245 |
1 |
0 |
|a Letorosty
|c Hviezdoslav
|
| 655 |
|
7 |
|a slovenská poézia
|2 SNKPH
|9 70444
|
| 773 |
0 |
|
|t Slovenské pohľady
|g Roč. 6, č. 12 (1886), s. 278-280
|
| 958 |
|
|
|a ONDV
|
| 958 |
|
|
|a article21
|
| 999 |
|
|
|c 3236554
|d 3238484
|